000 00516nam a2200181Ia 4500
008 090123s9999 xx 000 0 und d
082 _b6377
_a891.463/भागवत
100 _aभागवत यशवंत
245 _aमंजुळा
250 _a1
260 _bशलाका प्रकाशन
300 _a170
600 _aभागवत यशवंत
630 _aमंजुळा
700 _aभागवत यशवंत
730 _aमंजुळा
942 _cBOOK
999 _c44442
_d44442